| 000 | 00918cam a2200265 a 4500 | ||
|---|---|---|---|
| 001 | 14434220 | ||
| 005 | 20180227080930.0 | ||
| 008 | 060630s2007 dcua b 001 0 eng | ||
| 010 | _a 2006021812 | ||
| 020 | _a9780872892989 (alk. paper) | ||
| 020 | _a0872892980 | ||
| 040 |
_aDLC _cDLC _dDLC |
||
| 041 | _aeng | ||
| 043 | _an-us--- | ||
| 080 | _a324.27313 BRE | ||
| 082 | 0 | 0 |
_a324.27313 BRE _222 |
| 100 | 1 | _a20 | |
| 101 | _aPOL | ||
| 245 | 1 | 0 |
_aSplit : _cMark D. Brewer, Jeffrey M. Stonecash. |
| 246 | 3 | _aClass and cultural divides in American politics | |
| 504 | _aIncludes bibliographical references (p. 187-211) and index. | ||
| 906 |
_a7 _bcbc _corignew _d1 _eecip _f20 _gy-gencatlg |
||
| 942 |
_2ddc _cBK |
||
| 999 |
_c43619 _d43619 |
||